Famous Indians by Picture - Statistics

General Stats
  • This quiz has been taken 250 times
    124 since last reset
  • The average score is 9 of 16
Answer Stats
Picture Hint Answer % Correct
1917–1984 Indira Gandhi
98%
1869–1948 Mahatma Gandhi
98%
1950– Narendra Modi
81%
1889–1964 Jawaharlal Nehru
75%
1988– Virat Kohli
63%
1982– Priyanka Chopra
62%
1973– Sachin Tendulkar
58%
1973– Aishwarya Rai Bachchan
57%
1942– Amitabh Bachchan
54%
1931–2015 A. P. J. Abdul Kalam
53%
1932–2024 Manmohan Singh
52%
1891–1956 B. R. Ambedkar
48%
1969– Vishwanathan Anand
44%
1920–2012 Ravi Shankar
36%
1924–1988 Raj Kapoor
33%
1961– Arundhati Roy
27%
No matching quizzes found
Score Distribution
Percent of People with Each Score
Percentile by Number Answered
Your Score History
You have not taken this quiz since the last reset